[Event "2nd Sharjah Masters 2018"]
[Site "Sharjah"]
[Date "2018.04.15"]
[Round "5"]
[White "Wang, Hao"]
[Black "Maghsoodloo, Parham"]
[Result "0-1"]
[WhiteElo "2707"]
[BlackElo "2615"]
[Annotator "TA"]
[PlyCount "120"]
[EventDate "2018.??.??"]
[EventType "swiss"]
[EventCountry "UAE"]
[SourceTitle "playchess.com"]
[Source "ChessBase"]
[SourceQuality "1"]

{[%evp 10,120,29,32,29,23,33,14,34,39,43,36,32,16,39,39,73,67,83,77,79,79,187,160,163,141,152,94,96,100,95,89,116,80,85,30,27,22,25,27,20,12,22,18,20,14,14,12,14,16,7,14,5,6,19,11,39,8,10,8,8,7,8,6,8,-8,0,0,0,0,0,0,0,0,0,0,0,-37,-22,-128,-112,-106,-83,-71,1,-188,-155,-220,-218,-400,-374,-373,-372,-475,-475,-439,-412,-375,-391,-505,-387,-372,-372,-865,-800,-4141,-819,-4141,-4141,-4141,-4137,-4129,-797]} 1. d4 g6 2. c4 Bg7 3. Nc3 e6 4. e4 Ne7 5. Nf3 d5 6. e5 {LiveBook: 14 Games. A40: Unusual replies to 1 d4} c5 (6... Nbc6 7. Be2 h6 8. O-O O-O 9. Re1 b6 10. cxd5 Nxd5 11. Nxd5 Qxd5 12. Bd3 {1-0 (60) Onischuk,A (2681)-Ipatov,A (2665) Saint Louis 2018}) 7. dxc5 O-O 8. Be2 $146 {White is slightly better.} ({Predecessor:} 8. Bf4 Nd7 9. cxd5 Nxd5 10. Nxd5 exd5 11. Qxd5 Nxe5 12. Qxd8 Nxf3+ {0-1 (51) Sparenberg,E (2140)-Ten Hertog,H (2468) Hoogeveen 2016}) 8... Nbc6 9. Bf4 Qa5 {Strongly threatening ...d4.} 10. O-O {[%cal Rc4d5]} ({Much weaker is} 10. cxd5 Nxd5 11. Qd2 Nxf4 $15) 10... dxc4 11. Ne4 $36 {[%mdl 2048] White fights for an advantage.} Nd5 12. Qc1 {Threatens to win with Bh6.} c3 13. bxc3 Nxf4 14. Qxf4 Qc7 {[%cal Rc6e5]} 15. Nf6+ Kh8 (15... Bxf6 $16 {keeps fighting.} 16. Qxf6 b6) 16. Rfd1 h6 17. Rd6 Ne7 18. Qc4 ({Better is} 18. Rad1) 18... b6 $16 19. cxb6 Qxc4 20. Bxc4 Nf5 21. Rd2 axb6 22. Rad1 (22. Rb2 $16) 22... Bb7 $11 23. Nd7 Bxf3 24. gxf3 Rfd8 25. f4 g5 $1 26. fxg5 hxg5 27. Rd3 Ra5 28. Bb3 Kh7 29. Nxb6 Rxd3 30. Rxd3 {White wants to play Nc4.} Rxe5 31. Kf1 Rc5 32. Nc4 Rc7 33. Ke2 Ne7 34. Nd6 Ng6 35. Kf1 Nf4 36. Rg3 f5 37. c4 Bf8 38. Nb5 Rd7 39. Rxg5 Rd2 {White must now prevent ...Rb2.} 40. Nc3 Bc5 41. Nd1 $1 Nd3 {[%cal Rd3f2]} 42. Rg2 Nc1 43. Ba4 Rxa2 44. Be8 (44. Bd7 $1 $11) 44... Nd3 $17 {[%mdl 1024] aiming for ...Nf4. Black has strong compensation.} 45. Rg3 Nf4 {Hoping for ...Ra1.} 46. Bc6 e5 (46... Rd2 $17 {[%cal Rd2d1]} 47. Ba4 Nd3) 47. Rb3 $2 {[#]} (47. Bd7 $11) 47... e4 $1 $19 48. Bd7 (48. h4 $17 {is a better defense.}) 48... Kg6 49. Rb2 $2 (49. Rb1 {might work better.}) 49... Ra1 {[%cal Ra1d1]} 50. Rd2 Bb4 51. Rd4 Nd3 52. Ke2 Bc5 53. Be8+ Kf6 54. Rd7 Ra2+ 55. Kf1 Rd2 56. Bh5 $2 {[#]} (56. Rxd3 exd3 57. Ba4) 56... f4 $1 {[%cal Bf5f4,Bf4f3][%mdl 32] Black is clearly winning.} 57. Rb7 Kg5 (57... f3 $142 58. Rf7+ Ke6 59. Bxf3 Kxf7) 58. Rh7 f3 {[%cal Rd2d1]} 59. h4+ Kf6 {[%cal Rd2d1]} 60. Rf7+ Ke6 {Precision: White = 47%, Black = 76%.} (60... Ke5 $142 61. Bxf3 exf3 62. Rxf3 Ke4) 0-1

[Event "2nd Sharjah Masters 2018"]
[Site "Sharjah"]
[Date "2018.04.15"]
[Round "5"]
[White "Artemiev, Vladislav"]
[Black "Yakubboev, Nodirbek"]
[Result "1/2-1/2"]
[WhiteElo "2701"]
[BlackElo "2482"]
[Annotator "TA"]
[PlyCount "129"]
[EventDate "2018.??.??"]
[EventType "swiss"]
[EventCountry "UAE"]
[SourceTitle "playchess.com"]
[Source "ChessBase"]
[SourceQuality "1"]

{[%evp 14,129,31,31,35,14,11,12,14,0,6,0,6,0,7,0,0,-12,0,-21,-22,-24,-25,-37,-21,-18,-7,-8,-4,-9,0,-20,-20,-24,-16,-51,-20,-38,-21,-23,-24,-24,-22,-27,-22,-83,-14,-29,-29,-29,-29,-29,-29,-29,-29,-29,-29,-29,-29,-38,-29,-46,-29,-36,-22,-36,-36,-36,-25,-25,-25,-25,-25,-31,0,-36,0,-7,0,-36,0,-7,0,0,0,0,0,0,0,0,0,0,0,0,0,0,362,306,363,355,754,744,668,0,0,0,0,0,0,0,0,0,0,0,0,0,0,0]} 1. c4 e6 2. g3 d5 3. Bg2 Nf6 4. Nf3 Nbd7 5. b3 b6 6. Bb2 {A13: English Opening: 1...e6} Bb7 7. O-O c6 8. d3 {LiveBook: 3 Games. White is slightly better.} Bd6 9. e4 dxe4 10. dxe4 Qc7 11. Qe2 {[#] Threatens to win with e5.} e5 $1 12. Nc3 $146 ({Predecessor:} 12. Nh4 g6 13. f4 O-O-O 14. f5 {1-0 (26) Belous,V (2568)-Buyo,G Cocoa Beach 2016}) 12... O-O 13. Rad1 Rfd8 14. Bh3 Nf8 15. Qc2 Bc8 16. Bxc8 Raxc8 17. Rd2 Ne6 18. Na4 Nd7 19. Rfd1 Be7 20. a3 f6 21. b4 Ndf8 22. Nc3 Rxd2 23. Rxd2 Rd8 24. Bc1 Rxd2 25. Bxd2 Qd7 26. Be3 Nd4 27. Bxd4 $1 exd4 28. Na4 c5 29. b5 (29. bxc5 $11 {keeps the balance.} bxc5 30. Nb2) 29... Ng6 (29... g5 $17) 30. Nb2 Qg4 31. Nd2 Ne5 {...Qe2 is the strong threat.} 32. f4 Nf7 {White must now prevent ...g5.} 33. Qd1 Qe6 34. Kg2 Nd6 35. Qf3 g6 36. Qd3 Kg7 37. Nd1 Bd8 38. Nf2 Bc7 39. h4 h5 40. Kg1 Nf7 41. Qf3 Nh6 42. Kg2 Bd6 43. a4 Bc7 44. Kf1 (44. e5 $5) 44... Bd6 45. Ke2 Nf5 46. Nd1 (46. Kd3 $5 {[%cal Re4f5]} Ne3 47. Nd1 $15) 46... Nh6 47. Nf2 Nf5 48. Kd3 Ne3 49. Nd1 Nxd1 50. Qxd1 Qh3 51. Qf3 Qh2 52. Kc2 Be7 53. Kd1 Kh6 54. e5 Qh3 $2 {[%mdl 8192] [#]} (54... fxe5 $11 55. fxe5 Qh3) 55. Qa8 $1 $18 {[%cal Ra8h8]} Kg7 56. Qxa7 ({Not} 56. exf6+ Bxf6 57. Qb7+ (57. Qxa7+ Kh6 $15) 57... Kh6 $11) 56... Qe6 $2 (56... Qg4+ 57. Kc1 Kf8 58. Qxb6 fxe5) 57. a5 fxe5 58. axb6 $2 ({White must play} 58. f5 $18 gxf5 59. a6) 58... exf4 $11 {Strongly threatening ...d3.The position is equal.} 59. b7 ({Don't go for} 59. gxf4 $2 d3 $19) 59... d3 {( -> ...Qe2+)} 60. b8=Q Qe2+ 61. Kc1 {White wants to mate with Qa1+.} Qe1+ 62. Kb2 Qxd2+ 63. Kb3 Qc2+ 64. Ka3 Qc3+ 65. Ka2 {Precision: White = 51%, Black = 55%.} 1/2-1/2

[Event "2nd Sharjah Masters 2018"]
[Site "Sharjah"]
[Date "2018.04.15"]
[Round "5"]
[White "Amin, Bassem"]
[Black "Sindarov, Javokhir"]
[Result "1-0"]
[WhiteElo "2700"]
[BlackElo "2431"]
[Annotator "TA"]
[PlyCount "77"]
[EventDate "2018.??.??"]
[EventType "swiss"]
[EventCountry "UAE"]
[SourceTitle "playchess.com"]
[Source "ChessBase"]
[SourceQuality "1"]

{[%evp 16,77,10,2,90,0,0,0,0,-16,82,28,50,16,29,34,24,24,56,35,89,89,202,194,186,164,229,242,240,236,236,238,238,240,245,245,250,251,254,255,237,234,256,245,271,245,429,406,550,550,550,544,558,569,538,527,1175,914,1629,1366,29968,29969,29969,29970]} 1. Nf3 c5 2. e4 e6 3. d3 Nc6 4. g3 d5 5. Nbd2 Nf6 6. Bg2 Bd6 7. O-O O-O 8. Re1 Bc7 9. c3 {LiveBook: 10 Games. A08: King's Indian Attack} (9. Qe2 b5 10. Nf1 b4 11. e5 Nd7 12. Bf4 a5 13. h4 Ba6 14. c3 a4 15. a3 bxc3 16. bxc3 Rb8 {0-1 (83) Andriasian,Z (2585)-Socko,B (2593) Riadh 2017}) 9... b5 (9... Rb8 $11 {keeps the balance.}) 10. e5 ({White should try} 10. a4 $16) 10... Nd7 $1 $11 {[%cal Rd7e5]} 11. d4 {The position is equal.} b4 12. Nb3 $146 ({Predecessor:} 12. Nf1 Ba5 13. c4 b3 14. cxd5 exd5 15. Bd2 Bxd2 16. Qxd2 bxa2 17. Rxa2 cxd4 18. Nxd4 Ndxe5 19. Nxc6 Nxc6 20. Bxd5 {½-½ (45) Meenakshi,S (2324)-Sachdev,T (2243) Mumbai 2003}) 12... cxd4 (12... c4 $11 13. Bg5 Qe8) 13. cxd4 ({White should play} 13. Bg5 $16 Qe8 14. Nfxd4 (14. cxd4 Bb7 $11) 14... Ndxe5 15. Nxc6 Qxc6 16. cxb4) 13... a5 14. Bg5 Qe8 15. Rc1 Bb7 16. Bf1 $36 {[%mdl 2048] White wants to play Bb5. Black is under pressure.} a4 17. Na1 a3 ({Better is} 17... Nb6 $14) 18. bxa3 $16 {[%cal Bb2a3,Ba3b4,Bb4b5][%mdl 32]} Nb6 (18... bxa3 $16 19. Bb5 Ndb8) 19. axb4 $18 {Black must now prevent b5.} Nc4 20. b5 Nb4 {[#]} (20... N6a5 $142 21. a4 h6) 21. a4 $1 ({Much less strong is} 21. Bxc4 $6 dxc4 22. Rxc4 Ba5 $16) 21... Na2 22. Bxc4 dxc4 23. Rxc4 Ba5 24. Bd2 {And now Nb3 would win.} Bd5 25. Rc5 Bxf3 26. Qxf3 Bxd2 27. Re2 {[%cal Be1e2,Be2d2,Bd2a2][%mdl 32]} Nc3 28. Rxd2 Nxa4 29. Rc6 Qb8 30. Qb3 Ra5 $2 (30... h6 {is a better defense.} 31. Nc2 Ra5) 31. Ra2 Qa8 {[#]} 32. Ra6 $1 Rxa6 33. bxa6 Rb8 34. Rxa4 Rxb3 35. Nxb3 h5 36. a7 Kf8 37. Nd2 h4 38. Nc4 h3 {[#]} 39. d5 $1 {Precision: White = 71%, Black = 43%.} 1-0

[Event "2nd Sharjah Masters 2018"]
[Site "Sharjah"]
[Date "2018.04.15"]
[Round "5"]
[White "Eljanov, Pavel"]
[Black "Iturrizaga Bonelli, Eduardo"]
[Result "1/2-1/2"]
[WhiteElo "2700"]
[BlackElo "2624"]
[Annotator "TA"]
[PlyCount "60"]
[EventDate "2018.??.??"]
[EventType "swiss"]
[EventCountry "UAE"]
[SourceTitle "playchess.com"]
[Source "ChessBase"]
[SourceQuality "1"]

{[%evp 23,60,31,34,32,33,24,27,27,31,0,0,0,21,26,29,0,72,0,0,0,0,0,16,10,24,24,22,22,22,22,11,23,20,0,0,0,12,7,8]} 1. d4 Nf6 2. c4 e6 3. Nf3 b6 4. g3 Bb7 5. Bg2 Be7 6. O-O O-O 7. Re1 c5 8. d5 {E17: Queen's Indian: 4 g3 Bb7 5 Bg2 Be7} exd5 9. Nh4 Ne4 10. cxd5 Bxh4 11. Bxe4 Bf6 12. Nc3 d6 {LiveBook: 49 Games} 13. Qc2 h6 14. Bf4 Re8 15. Bg2 Qd7 {[#]} 16. a4 $146 Na6 17. Nb5 Be5 18. Bd2 Nb4 19. Qb3 (19. Bxb4 $5 cxb4 20. Qd2 $11) 19... a5 (19... a6 $11 20. Na3 a5) 20. Rab1 (20. f4 $16 Bf6 21. e4) 20... Ba6 $11 21. Qc4 Bxb5 22. axb5 Qf5 23. e4 Qf6 24. Re2 a4 {[%cal Ba5a4,Ba4a3,Ba3b2][%mdl 32]} 25. Bxb4 cxb4 26. Qxb4 Bd4 27. Ra1 Bc5 28. Qc4 {The position is equal.} a3 29. Ra2 Rec8 30. Qb3 $1 {[%cal Rb2a3]} axb2 {Precision: White = 71%, Black = 73%.} 1/2-1/2

[Event "2nd Sharjah Masters 2018"]
[Site "Sharjah"]
[Date "2018.04.15"]
[Round "5"]
[White "Inarkiev, Ernesto"]
[Black "Darini, Pouria"]
[Result "1-0"]
[WhiteElo "2680"]
[BlackElo "2478"]
[Annotator "TA"]
[PlyCount "79"]
[EventDate "2018.??.??"]
[EventType "swiss"]
[EventCountry "UAE"]
[SourceTitle "playchess.com"]
[Source "ChessBase"]
[SourceQuality "1"]

{[%evp 22,79,4,7,4,-34,0,-8,31,0,0,0,0,-33,-30,-39,17,14,28,30,41,39,40,42,34,14,10,4,14,0,25,25,26,25,40,35,60,26,58,62,69,0,54,0,0,9,0,0,110,109,356,343,347,324,455,455,599,568,844,787]} 1. e4 c5 2. Nf3 d6 3. d4 cxd4 4. Nxd4 Nf6 5. Nc3 a6 6. f3 e5 7. Nb3 Be6 8. Be3 h5 9. Qd2 Nbd7 10. O-O-O Be7 11. Kb1 b5 {B90: Sicilian Najdorf: Unusual White 6th moves, 6 Be3 Ng4 and 6 Be3 e5} 12. a3 {LiveBook: 4 Games} (12. h4 O-O 13. Bg5 Rc8 14. a3 Qc7 15. g4 hxg4 16. fxg4 Nb6 17. Bxf6 Bxf6 18. g5 {½-½ (70) Yu,Y (2751)-Vachier Lagrave,M (2789) Riadh 2017}) 12... Qc7 13. Bg5 Rb8 $146 {Black is slightly better.} ({Find the theoretical novelty and annotate with similar games:} 13... Rc8 14. Nc1 Qb7 15. N1a2 O-O 16. h3 Nb6 17. g4 Rfd8 18. Bxf6 Bxf6 {½-½ (115) Bindrich,F (2334)-Carlsen,M (2385) Budva 2003}) 14. Na2 Rc8 {With the idea ...Nxe4!} 15. h4 O-O 16. Nb4 Nc5 17. Bxf6 Bxf6 18. Nd5 Nxb3 (18... Bxd5 $1 $15 19. Qxd5 Na4) 19. cxb3 $11 Bxd5 20. exd5 Qc5 21. Bd3 Qd4 22. g3 e4 23. Bxe4 Qxd2 $1 24. Rxd2 b4 25. a4 Rc5 26. Bd3 a5 27. Bb5 Rc7 28. Re1 Rfc8 29. Rde2 g6 30. Bc6 Kf8 31. Re8+ (31. Kc2 $14) 31... Kg7 (31... Rxe8 $1 $11 32. Rxe8+ Kg7) 32. Kc2 (32. R8e4 $14) 32... Be5 {Hoping for ...Rxe8.} 33. R8xe5 dxe5 {[%mdl 4096] Endgame KRR-KRB} 34. Kd3 $1 Kf6 {[#]} (34... Re7 $1 $11) 35. Kc4 $1 $16 Rxc6+ $2 (35... Rd7 $16) 36. dxc6 $18 Rxc6+ 37. Kb5 Rd6 (37... Rc8 $142 38. Kxa5 Rb8) 38. Kxa5 {White is clearly winning.} Rd3 39. Kxb4 Rxf3 40. a5 {Precision: White = 58%, Black = 35%.} 1-0

[Event "2nd Sharjah Masters 2018"]
[Site "Sharjah"]
[Date "2018.04.15"]
[Round "5"]
[White "Jones, Gawain C B"]
[Black "Chakravarthi Reddy, M."]
[Result "1-0"]
[WhiteElo "2675"]
[BlackElo "2442"]
[Annotator "TA"]
[PlyCount "45"]
[EventDate "2018.??.??"]
[EventType "swiss"]
[EventCountry "UAE"]
[SourceTitle "playchess.com"]
[Source "ChessBase"]
[SourceQuality "1"]

{[%evp 15,45,20,23,7,7,8,7,4,21,16,8,0,0,0,0,0,0,-13,13,6,23,28,99,94,260,248,252,250,281,271,293,270]} 1. e4 e6 2. d4 d5 3. Nd2 Nc6 4. Ngf3 Nf6 5. e5 Nd7 6. Nb3 a5 7. a4 Be7 8. Bf4 {C04: French Tarrasch: 3...Nc6} b6 {LiveBook: 11 Games} 9. Bb5 (9. h4 h6 10. h5 Bb7 11. c3 Qc8 12. Nh4 Ba6 13. Qg4 Rh7 14. Ng6 Bxf1 15. Rxf1 {½-½ (49) Howell,D (2635)-Bauer,C (2682) Istanbul 2012}) 9... Na7 10. Be2 {The position is equal.} c5 11. c3 O-O 12. O-O Nc6 $146 ({Predecessor:} 12... c4 13. Nbd2 Bb7 14. b3 cxb3 15. Qxb3 Nc6 {1-0 (33) Faibisovich,V (2410)-Yakimenko,A (2091) Sunny Beach 2010}) 13. Re1 Ba6 14. Bxa6 Rxa6 15. Re3 Ra8 16. Qe2 Qc8 17. Ng5 Bxg5 18. Bxg5 cxd4 (18... Re8 $11) 19. cxd4 $16 f6 $2 (19... Re8 $16) 20. exf6 $18 Nxf6 {[#]} 21. Rc1 $1 ({Stronger than} 21. Rxe6 Ne4 $15) 21... Qd7 {[#]} 22. Bxf6 $1 ({Weaker is} 22. Rxe6 Rae8 $16) 22... Rxf6 23. Qb5 {Precision: White = 79%, Black = 57%.} 1-0

[Event "2nd Sharjah Masters 2018"]
[Site "Sharjah"]
[Date "2018.04.15"]
[Round "5"]
[White "Adhiban, B."]
[Black "Petrosian, Tigran L"]
[Result "1/2-1/2"]
[WhiteElo "2661"]
[BlackElo "2609"]
[Annotator "TA"]
[PlyCount "86"]
[EventDate "2018.??.??"]
[EventType "swiss"]
[EventCountry "UAE"]
[SourceTitle "playchess.com"]
[Source "ChessBase"]
[SourceQuality "1"]

{[%evp 21,86,24,35,4,32,29,62,29,34,0,15,15,15,4,45,12,33,23,60,42,64,30,39,50,0,0,68,71,66,81,79,72,75,70,72,47,61,30,49,50,106,121,107,102,127,126,127,129,132,129,105,13,13,16,28,28,31,0,11,0,0,0,0,0,0,0,0]} 1. d4 Nf6 2. c4 g6 3. Nc3 d5 4. cxd5 Nxd5 5. e4 Nxc3 6. bxc3 Bg7 7. Bc4 c5 8. Ne2 O-O 9. O-O Nc6 10. Be3 Qc7 11. Rc1 Rd8 {LiveBook: 529 Games} 12. h4 {D87: Exchange Grünfeld: Classical Line: Variations without ...cxd4} (12. f4 Bg4 13. f5 gxf5 14. h3 cxd4 15. Bxf7+ Kxf7 16. Qb3+ e6 17. Nxd4 Nxd4 18. cxd4 Qb6 19. Qxb6 axb6 20. hxg4 Bxd4 21. Bxd4 Rxd4 22. exf5 Rxg4 {½-½ (33) Radjabov,T (2726)-Safarli,E (2664) Shamkir 2016}) 12... Na5 13. Bd3 e5 $146 ({Predecessor:} 13... c4 14. Bc2 e5 15. h5 Qe7 16. h6 Bf8 17. Qe1 f6 18. f4 Bg4 19. fxe5 fxe5 20. dxe5 {1-0 (43) Hoeschele,H (1677)-Maldonado,G (1982) Villa Martelli 2017}) 14. Bg5 {White is slightly better.} Re8 15. dxe5 c4 16. Bc2 Qxe5 17. Rb1 a6 18. Nd4 Qc5 19. a4 Qa3 20. Qf3 Qc5 21. Bf6 Bg4 22. Qf4 {[#] And now Bxg7 would win.} ({Much weaker is} 22. Qxg4 Bxf6 23. Rfd1 Rad8 $15) 22... Bxf6 23. Qxf6 Qe5 (23... Qa3 $1 $11 24. f3 Bd7) 24. Qg5 Qxg5 25. hxg5 Rac8 26. Rb6 Kg7 27. Rfb1 Rc7 28. Rd6 Bc8 29. f3 Rc5 30. f4 h6 (30... Nb3 $14) 31. gxh6+ $16 Kxh6 32. f5 Kg7 33. fxg6 fxg6 34. Rbb6 Rg5 35. Nf3 Rg4 36. e5 ({Better is} 36. Rd5 $16 Nc6 37. Rc5) 36... Nc6 $11 37. Kf2 Rf8 38. Rd5 Rg5 39. Be4 {Threatens to win with Rc5.} Nxe5 {[#]The position is equal.} 40. Rxe5 $1 {[%mdl 512]} Rxe5 41. Rxg6+ Kh8 42. Rh6+ Kg7 43. Rg6+ Kh8 {Precision: White = 44%, Black = 46%.} 1/2-1/2

[Event "2nd Sharjah Masters 2018"]
[Site "Sharjah"]
[Date "2018.04.15"]
[Round "5"]
[White "Kovalev, Vladislav"]
[Black "Grandelius, Nils"]
[Result "1/2-1/2"]
[WhiteElo "2648"]
[BlackElo "2652"]
[Annotator "TA"]
[PlyCount "115"]
[EventDate "2018.??.??"]
[EventType "swiss"]
[EventCountry "UAE"]
[SourceTitle "playchess.com"]
[Source "ChessBase"]
[SourceQuality "1"]

{[%evp 18,115,28,-3,21,15,29,21,31,30,36,37,39,21,21,22,32,29,55,40,47,56,50,50,51,62,78,73,58,45,73,81,76,78,103,60,72,72,92,75,91,85,103,67,62,58,58,65,63,63,73,11,18,0,0,0,0,0,0,0,5,0,6,6,23,0,5,12,13,4,63,0,0,0,0,0,0,0,0,0,0,0,0,0,0,0,0,0,0,0,0,0,0,0,0,0,0,0,0,0]} 1. e4 c5 2. Nf3 d6 3. Bb5+ Nd7 4. c3 Ngf6 5. Qe2 a6 6. Ba4 b5 7. Bc2 Bb7 {B51: Sicilian: Moscow Variation (3 Bb5+) without 3...Bd7} 8. d4 e6 9. O-O Be7 10. Nbd2 {LiveBook: 19 Games} O-O 11. e5 Nd5 12. Ne4 Qc7 $146 {[%cal Rd6e5]} ({Predecessor:} 12... dxe5 13. dxe5 Qc7 14. Neg5 {0-1 (29) Maze,S (2614)-Vovk,A (2622) Fornebu 2017}) 13. exd6 Bxd6 14. Nxd6 Qxd6 15. dxc5 Qxc5 16. Rd1 N5f6 17. a4 Rfc8 18. axb5 axb5 19. Rxa8 Bxa8 20. Be3 Qh5 21. Bd3 Bxf3 22. Qxf3 Qxf3 23. gxf3 Rb8 24. Bf4 e5 25. Be3 Kf8 26. Bf5 Ke8 27. f4 Rb7 28. Kf1 exf4 29. Bxf4 Nb6 30. Be5 Nc4 31. Bxf6 gxf6 $14 {[%mdl 4096] Endgame KRB-KRN} 32. b3 Ne5 33. Bxh7 Rc7 34. f4 (34. Rc1 $16) 34... Ng6 $1 $11 35. Bxg6 (35. Rd3 {feels hotter.} Nxf4 36. Re3+ Kd7 37. Be4 Kd6 38. h4) 35... fxg6 {KR-KR} 36. Rd3 Kf7 37. Kf2 Ke6 38. Kf3 Rh7 39. Kg3 Rc7 40. Kg4 Rc8 41. h4 Rc5 42. Re3+ Kf7 43. Rh3 Kg7 (43... Rh5 $11) 44. h5 (44. Rf3 $14) 44... gxh5+ {The position is equal.} 45. Rxh5 Rxc3 46. Rxb5 Kg6 47. Rb8 Rc1 48. Rg8+ Kf7 49. Rh8 Kg6 50. Rg8+ Kh7 51. Rd8 {[#] Black must now prevent Kf5.} Kg6 52. f5+ Kh6 53. Rh8+ Kg7 54. Rh3 Rd1 55. Rf3 Kh6 56. Rh3+ Kg7 57. Rf3 Kh6 58. Rh3+ {Precision: White = 56%, Black = 59%.} 1/2-1/2

[Event "2nd Sharjah Masters 2018"]
[Site "Sharjah"]
[Date "2018.04.15"]
[Round "5"]
[White "Sethuraman, S P"]
[Black "Safarli, Eltaj"]
[Result "1-0"]
[WhiteElo "2631"]
[BlackElo "2653"]
[Annotator "TA"]
[PlyCount "93"]
[EventDate "2018.??.??"]
[EventType "swiss"]
[EventCountry "UAE"]
[SourceTitle "playchess.com"]
[Source "ChessBase"]
[SourceQuality "1"]

{[%evp 21,93,33,32,19,40,43,38,14,14,14,14,14,6,0,15,0,18,-3,10,0,0,-20,0,0,70,63,68,62,72,71,69,85,81,79,78,62,67,63,76,71,76,81,76,76,76,76,76,63,76,76,121,81,84,0,109,93,200,173,329,317,352,350,536,483,473,414,789,783,746,722,1840,1768,1937,1882]} 1. e4 e6 2. d4 d5 3. Nc3 Bb4 4. e5 c5 5. Bd2 Nc6 6. Nb5 Bxd2+ 7. Qxd2 Nxd4 8. Nxd4 cxd4 9. Nf3 Ne7 10. Nxd4 O-O 11. f4 Nc6 {LiveBook: 8 Games} 12. Nf3 {C17: French: 3 Nc3 Bb4 4 e5 c5 sidelines} (12. O-O-O Bd7 13. h4 Rc8 14. Kb1 a5 15. a3 Nxd4 16. Qxd4 b5 17. Bd3 Qe7 18. b4 Rc7 19. Rh3 Ra8 20. c3 Be8 {1-0 (36) Ninov,N (2472)-Adrian,C (2239) Nancy 2014}) 12... Qb6 13. O-O-O Bd7 14. a3 $146 {White is slightly better.} ({Predecessor:} 14. Kb1 Rfc8 15. g4 a5 16. Bd3 Nb4 17. f5 Nxd3 18. Qxd3 Qb5 19. Qxb5 Bxb5 20. Nd4 Bd7 {1-0 (38) Wong,Y (2169)-Min,P (1956) Bhubaneswar 2017}) 14... Rfc8 15. Kb1 Na5 16. Nd4 Nc6 17. Nf3 Na5 18. Nd4 Nc6 19. Nb3 Ne7 20. Qd4 Qc7 21. Bd3 a5 22. Qf2 Ba4 ({Better is} 22... b5 $11) 23. Nd4 $1 $14 Qc5 {Black wants to play ...Nc6.} 24. Rhf1 Nc6 25. Nf3 Ne7 26. g4 Qxf2 27. Rxf2 Bd7 28. Nd4 Rab8 29. h4 b5 {[#]} 30. b3 $1 Rc5 31. Kb2 b4 32. a4 Nc6 33. Nf3 Rf8 34. g5 Bc8 35. h5 Nb8 36. Nd4 Nc6 37. Nf3 Nb8 $1 38. Bb5 Ba6 {[#]} (38... Nc6 $16) 39. Nd4 $1 $18 Bxb5 $2 (39... Rc7 40. f5 Bc8) 40. axb5 ({Less strong is} 40. Nxb5 Nc6 $14) 40... Nd7 {[#]} 41. g6 $1 {[%mdl 512]} Re8 (41... fxg6 {was called for.} 42. Nxe6 Rxb5 43. hxg6 hxg6 44. Nxf8 Nxf8) 42. gxf7+ Kxf7 43. Ra1 Ra8 (43... Rc7 $142 44. Rxa5 g6) 44. f5 {[%cal Bf4f5,Bf5e6,Be6e7][%mdl 32] White is clearly winning.} Nxe5 45. fxe6+ Kg8 46. e7 Rcc8 47. Ne6 {Precision: White = 65%, Black = 49%.} 1-0

[Event "2nd Sharjah Masters 2018"]
[Site "Sharjah"]
[Date "2018.04.15"]
[Round "5"]
[White "Jumabayev, Rinat"]
[Black "Rajdeep Sarkar"]
[Result "1-0"]
[WhiteElo "2612"]
[BlackElo "2393"]
[Annotator "TA"]
[PlyCount "87"]
[EventDate "2018.??.??"]
[EventType "swiss"]
[EventCountry "UAE"]
[SourceTitle "playchess.com"]
[Source "ChessBase"]
[SourceQuality "1"]

{[%evp 17,87,22,21,14,8,8,13,-29,-20,-5,-30,-11,38,48,56,36,44,27,48,34,52,13,13,-14,23,28,31,0,16,20,99,99,99,99,105,86,100,87,82,20,159,162,193,179,189,141,178,180,191,181,267,246,244,135,862,805,980,965,964,952,1656,1579,1272,834,29978,29979,6395,1107,29993,29994,29994,1550]} 1. e4 e5 2. Nf3 Nc6 3. Bc4 Nf6 4. d3 Be7 5. O-O O-O 6. Re1 d6 7. a4 Be6 8. a5 a6 9. Nbd2 Qd7 {LiveBook: 39 Games} 10. b3 $146 {C55: Two Knights: 4 d3, 4 d4 exd4 5 e5 and Max Lange Attack} ({Predecessor:} 10. c3 h6 11. Qb3 Rab8 12. h3 Kh8 13. Nf1 Nh5 14. d4 Bxc4 15. Qxc4 f5 16. dxe5 Nxe5 17. Qe2 Ng6 18. exf5 Rxf5 {½-½ (44) Heberla,B (2558)-Wang,H (2706) Czech Republic 2018}) 10... h6 11. Bb2 Nh7 12. Bd5 {The position is equal.} Bxd5 13. exd5 Nb4 14. d4 f6 15. Nf1 e4 ({Reject} 15... Nxd5 16. dxe5 dxe5 17. c4 $16) 16. Rxe4 {[#] aiming for Qe1.} Nxd5 17. Re1 f5 18. c4 Nf4 19. Qc2 Ng5 20. N1d2 Nxf3+ 21. Nxf3 Bf6 22. Re3 c6 23. Rae1 Rf7 (23... Rae8 $11 {remains equal.}) 24. d5 $16 Ng6 25. Bxf6 Rxf6 26. Nd4 f4 27. Re6 $36 {[%mdl 2048] White is in control.} Raf8 28. Nf3 ({White should play} 28. f3 $16) 28... c5 (28... cxd5 $11 29. cxd5 Qb5) 29. h3 {[%cal Bh2h3,Bh3h4,Bh4h5][%mdl 32]} R8f7 30. Qd3 Qc7 31. Qd2 b6 32. axb6 Qxb6 33. Qd3 a5 (33... Rf8 $142 34. h4 Qd8) 34. h4 $18 Qb4 {[#]} 35. Ra1 ({White should try} 35. Rxf6 $1 $18 {Threatening mate with Re8+.} Rxf6 36. Re8+ Kf7 37. Ra8) 35... Rxe6 $4 {[%mdl 8192]} (35... Nf8 $16) 36. dxe6 Rf6 37. h5 Ne7 38. Qxd6 Qc3 39. Re1 Nf5 40. Qd8+ Kh7 41. e7 Nxe7 42. Qxe7 (42. Rxe7 $142 Rf5 43. Re8 Qa1+ 44. Ne1 Rxh5 45. Qd3+ g6 46. Re7+ Qg7 47. Qd7 Qxe7 48. Qxe7+ Kg8 49. Qf6) 42... Qxb3 43. Qe4+ Kg8 44. Rb1 {Precision: White = 53%, Black = 36%.} (44. Qd5+ $142 Kh7 45. Re8 Qb1+ 46. Kh2 Rf8 47. Rxf8 Qh1+ 48. Kxh1 g6 49. Qg8#) 1-0